000 00653nam a2200217Ii 4500
003 JO-AjNU
008 230605s9999||||xx |||||||||||||| ||und||
017 _a1989/873
040 _aJO-AjNU
_bara
_erda
_cJO-AjNU
041 _aara
050 1 4 _aK3400.J3288.1989
100 3 _a الجبوري، ماهر صالح علاوي ,
_eauthor
_946921
245 0 0 _aالقانون الاداري
250 _a(د،ط)
264 3 1 _aالموصل : دار الكتب ، 19989
300 _a256ص
336 _atext
_btxt
_2rdacontent
337 _aunmediated
_bn
_2rdamedia
338 _avolume
_bnc
_2rdacarrier
650 4 _aقانون اداري
_946922
999 _aA20447
_c24015
_d24015